The Mayor and Burgesses of the London Borough of Hounslow v Minchinton (Record no. 51421)
[ view plain ]
| 000 -LEADER | |
|---|---|
| fixed length control field | 01247cab a2200217 4500 |
| 001 - CONTROL NUMBER | |
| control field | ABS57761 |
| 008 - FIXED-LENGTH DATA ELEMENTS--GENERAL INFORMATION | |
| fixed length control field | 090401t1997 xxu||||| |||| 00| 0 eng d |
| 035 ## - SYSTEM CONTROL NUMBER | |
| System control number | (Sirsi) u81594 |
| 041 ## - LANGUAGE CODE | |
| Language code of text/sound track or separate title | eng |
| 245 #4 - TITLE STATEMENT | |
| Title | The Mayor and Burgesses of the London Borough of Hounslow v Minchinton |
| 260 ## - PUBLICATION, DISTRIBUTION, ETC. | |
| Date of publication, distribution, etc. | 1997 |
| 350 ## - PRICE (NR) (BK AM CF MU VM SE) [OBSOLETE] | |
| Price | 0 |
| 490 ## - SERIES STATEMENT | |
| Series statement | Property, planning & compensation reports |
| Volume/sequential designation | [1997] 74 P&CR 221-234(14) |
| 520 ## - SUMMARY, ETC. | |
| Summary, etc. | CA 19 March 1997. Dispute over possession of strip of land at the bottom of the appellant`s garden. Appellant believed she had acquired title by adverse possession and had proceeded to build a summerhouse partly on that land. The Judge found that the garden had been enclosed throughout the ownership of the appellant and her predecessor in title, but held that she had failed to establish title to any part of the strip. The CA allowed her appeal, saying it was sufficient for a claim to title by adverse possession that she or her predecessors had been in adverse possession of the land for 12 years, whereupon the title of the true owner would be extinguished. |
| 650 ## - SUBJECT ADDED ENTRY--TOPICAL TERM | |
| Topical term or geographic name entry element | ADVERSE POSSESSION |
| 650 ## - SUBJECT ADDED ENTRY--TOPICAL TERM | |
| Topical term or geographic name entry element | POSSESSION OF SITE |
| 650 ## - SUBJECT ADDED ENTRY--TOPICAL TERM | |
| Topical term or geographic name entry element | STRIP OF LAND |
| 690 ## - LOCAL SUBJECT ADDED ENTRY--TOPICAL TERM (OCLC, RLIN) | |
| Topical term or geographic name as entry element | LAND-CASE LAW |
| 942 ## - ADDED ENTRY ELEMENTS (KOHA) | |
| Suppress in OPAC | 0 |
| 948 ## - LOCAL PROCESSING INFORMATION (OCLC); SERIES PART DESIGNATOR (RLIN) | |
| c (OCLC) | 22/10/1997 |
| Withdrawn status | Lost status | Source of classification or shelving scheme | Damaged status | Not for loan | Home library | Current library | Shelving location | Date acquired | Total Checkouts | Full call number | Barcode | Date last seen | Copy number | Price effective from | Koha item type |
|---|---|---|---|---|---|---|---|---|---|---|---|---|---|---|---|
| Dewey Decimal Classification | London | London | Journal article | 14/09/1999 | ABS57761 | 81594-1001 | 06/08/2019 | 1 | 06/08/2019 | Law report |